书目信息 |
| 题名: |
综合实践活动信息技术 小学第五册
|
|
| 作者: | 叶平 主编 | |
| 分册: | ||
| 出版信息: | 北京 电子工业 2003 |
|
| 页数: | 94 | |
| 开本: | 26cm | |
| 丛书名: | ||
| 单 册: | ||
| 中图分类: | TP3-05 | |
| 科图分类: | ||
| 主题词: | 计算技术 , 电子计算机 | |
| 电子资源: | ||
| ISBN: | 7-5053-9030-9 | |
| 000 | 00570nam0 2200193 450 | |
| 001 | 0737190390 | |
| 005 | 20070818101950.39 | |
| 010 | @a7-5053-9030-9 | |
| 100 | @a20070818d km y0chiy0120 ea | |
| 101 | 0 | @achi |
| 200 | 1 | @a综合实践活动信息技术 小学第五册@Azong he shi jian huo dong xin xi ji shu xiao xue di wu ce@f叶平主编@Fye ping zhu bian |
| 210 | @a北京@c电子工业@d2003 | |
| 215 | @a94@d26cm | |
| 606 | 0 | @a计算技术 |
| 606 | 0 | @a电子计算机 |
| 690 | @aTP3-05@v3 | |
| 701 | 0 | @a叶平@Aye ping@4主编 |
| 801 | 0 | @aCN@bPFT@c20070818 |
| 905 | @a213230@dTP3-05@eJ14YP@f1 | |
| 综合实践活动信息技术 小学第五册/叶平主编.-北京:电子工业,2003 |
| 94;26cm |
| ISBN 7-5053-9030-9: |
| ● |
| 相关链接 |
|
|
|
|
正题名:综合实践活动信息技术 小学第五册
索取号:TP3-05/J14YP
 
预约/预借
| 序号 | 登录号 | 条形码 | 馆藏地/架位号 | 状态 | 备注 |
| 1 | 6101619 | 261016199 | 密集书库—计算机科学学院/ [索取号:TP3-05/J14YP] | 在馆 |